| 000 | 00601nam a2200169Ia 4500 | ||
|---|---|---|---|
| 003 | GCL | ||
| 008 | 140319s9999 xx 000 0 ara d | ||
| 040 |
_aGCL / _cGCL |
||
| 082 | 0 | 4 |
_a910.02 _bح ك |
| 100 | 1 | _aحسن سيد احمد ابو العينين | |
| 245 | 1 | 0 |
_aكوكب الارض: ظواهرة التضاريسية الكبرى, ط 10 / _cحسن سيد احمد ابو العينين |
| 260 |
_a[S.N] : _bمؤسسة الثقافةالجامعية للطبع والنشر ، _c1988 |
||
| 300 | _a595 ص | ||
| 490 | _a | ||
| 650 | 0 | 4 | _aالجغرافيا الطبيعية |
| 942 |
_2ddc _cBK |
||
| 999 |
_c54437 _d54437 |
||